[Event "ROM-ch Rapid"]
[Site "Bucharest"]
[Date "2022.03.12"]
[Round "7"]
[White "Dobre, Daniel Alexandru"]
[Black "Stan, Andrei Mihaita"]
[Result "0-1"]
[WhiteElo "1565"]
[BlackElo "2032"]
[PlyCount "42"]
[EventDate "2022.03.11"]
[EventType "swiss (rapid)"]
[EventRounds "9"]
[EventCountry "ROU"]
[SourceTitle "CBM 207 Extra"]
[Source "ChessBase"]
[SourceDate "2022.05.31"]
[SourceVersion "1"]
[SourceVersionDate "2022.05.31"]
[SourceQuality "1"]

1. e4 c5 2. Nf3 a6 3. d4 cxd4 4. c3 dxc3 5. Nxc3 e6 6. Be3 b5 7. Be2 Bb7 8. 0-0 Nf6 9. e5 Nd5 10. Bd4 Nxc3 11. bxc3 Nc6 12. Be3 d5 13. a4 b4 14. c4 dxc4 15. Bxc4 Be7 16. Qe2 0-0 17. Rfd1 Qc7 18. Rac1 Nxe5 19. Bxa6 Bxa6 20. Qxa6 Nxf3+ 21. gxf3 Qxc1 0-1

[Event "ROM-ch Rapid"]
[Site "Bucharest"]
[Date "2022.03.12"]
[Round "3"]
[White "Dragomirescu, Robin Alexandru"]
[Black "Dobre, Daniel Alexandru"]
[Result "1-0"]
[WhiteElo "2337"]
[BlackElo "1565"]
[PlyCount "39"]
[EventDate "2022.03.11"]
[EventType "swiss (rapid)"]
[EventRounds "9"]
[EventCountry "ROU"]
[SourceTitle "CBM 207 Extra"]
[Source "ChessBase"]
[SourceDate "2022.05.31"]
[SourceVersion "1"]
[SourceVersionDate "2022.05.31"]
[SourceQuality "1"]

1. e4 d5 2. exd5 Qxd5 3. Nc3 Qa5 4. d4 Nf6 5. Bc4 Bg4 6. f3 Bf5 7. g4 Bg6 8. h4 h5 9. g5 Nfd7 10. Nge2 e5 11. Bd2 c6 12. f4 exd4 13. Nxd4 Qc5 14. Qe2+ Qe7 15. Rh2 Nb6 16. 0-0-0 N8d7 17. f5 Bh7 18. Bf4 0-0-0 19. Nxc6 Qxe2 20. Nxa7# 1-0

[Event "ROM-ch Rapid"]
[Site "Bucharest"]
[Date "2022.03.11"]
[Round "1"]
[White "Dobre, Daniel Alexandru"]
[Black "Neagu, Liviu"]
[Result "1-0"]
[WhiteElo "1565"]
[BlackElo "2004"]
[PlyCount "69"]
[EventDate "2022.03.11"]
[EventType "swiss (rapid)"]
[EventRounds "9"]
[EventCountry "ROU"]
[SourceTitle "CBM 207 Extra"]
[Source "ChessBase"]
[SourceDate "2022.05.31"]
[SourceVersion "1"]
[SourceVersionDate "2022.05.31"]
[SourceQuality "1"]

1. e4 c5 2. Nf3 Nc6 3. c3 e5 4. d4 cxd4 5. cxd4 exd4 6. Nxd4 Bc5 7. Be3 Bb6 8. Nf5 Bxe3 9. Nd6+ Kf8 10. fxe3 Qg5 11. Qd2 Nf6 12. Be2 Qxg2 13. Rf1 Qxh2 14. Nc3 Qg3+ 15. Rf2 h5 16. Bc4 Ne5 17. 0-0-0 Neg4 18. Re2 Ne5 19. Bb3 g6 20. Rf1 Nf3 21. Rxf3 Qxf3 22. Rf2 Qh1+ 23. Kc2 Qh4 24. e5 Kg7 25. exf6+ Kh7 26. Bxf7 Rf8 27. Rg2 Rxf7 28. Nxf7 Qxf6 29. Ng5+ Kh8 30. Nge4 Qg7 31. Qd6 Kh7 32. Nf6+ Kh6 33. Nce4 b6 34. Qf4+ g5 35. Rxg5 1-0

[Event "ROM-ch U12"]
[Site "Calimanesti"]
[Date "2018.04.03"]
[Round "9"]
[White "Dobre, Daniel Alexandru"]
[Black "Craciun, Cristian Gabriel111"]
[Result "1/2-1/2"]
[WhiteElo "1283"]
[BlackElo "1373"]
[PlyCount "59"]
[EventDate "2018.03.27"]
[EventType "swiss"]
[EventRounds "9"]
[EventCountry "ROU"]
[SourceTitle "CBM 183 Extra"]
[Source "ChessBase"]
[SourceDate "2018.04.19"]
[SourceVersion "1"]
[SourceVersionDate "2018.04.19"]
[SourceQuality "1"]

1. e4 c5 2. Nf3 Nc6 3. d4 cxd4 4. Nxd4 Nf6 5. Nc3 e5 6. Ndb5 d6 7. Bg5 a6 8. Bxf6 gxf6 9. Na3 b5 10. Nd5 f5 11. Bd3 Be6 12. c3 Bg7 13. 0-0 0-0 14. h3 fxe4 15. Bxe4 f5 16. Bc2 e4 17. Nf4 Bf7 18. Bb3 b4 19. Bxf7+ Rxf7 20. Ne6 Qe7 21. Nxg7 bxa3 22. Qd5 Kxg7 23. Qxc6 axb2 24. Qxa8 bxa1Q 25. Rxa1 Qb7 26. Qd8 Qb2 27. Qg5+ Kh8 28. Qd8+ Kg7 29. Qg5+ Kh8 30. Qd8+ 1/2-1/2

[Event "ROM-ch U12"]
[Site "Calimanesti"]
[Date "2018.03.31"]
[Round "6"]
[White "Dobre, Daniel Alexandru"]
[Black "Visanescu, Dragos Nicholas"]
[Result "1-0"]
[WhiteElo "1283"]
[BlackElo "1478"]
[PlyCount "104"]
[EventDate "2018.03.27"]
[EventType "swiss"]
[EventRounds "9"]
[EventCountry "ROU"]
[SourceTitle "CBM 183 Extra"]
[Source "ChessBase"]
[SourceDate "2018.04.19"]
[SourceVersion "1"]
[SourceVersionDate "2018.04.19"]
[SourceQuality "1"]

1. e4 e5 2. Nf3 Nc6 3. Bb5 a6 4. Bxc6 dxc6 5. Nc3 Bd6 6. 0-0 Ne7 7. d3 0-0 8. Be3 c5 9. Ne1 Ng6 10. Qd2 b5 11. a4 Bd7 12. g3 b4 13. Ne2 Bh3 14. Ng2 Qf6 15. f4 exf4 16. Nexf4 Nxf4 17. gxf4 Qxb2 18. e5 Bxg2 19. Kxg2 Be7 20. Rfb1 Qc3 21. Qxc3 bxc3 22. Rb7 Rfb8 23. Rab1 Rxb7 24. Rxb7 h6 25. Rxc7 Bd8 26. Rc6 Be7 27. Bxc5 Bxc5 28. Rxc5 Ra7 29. Rxc3 Kf8 30. Kf3 Ke7 31. Ke4 Ke6 32. f5+ Kd7 33. d4 Kd8 34. d5 Rb7 35. Rb3 Rc7 36. Kd3 Rc5 37. c4 Ra5 38. Rb4 Kc7 39. Kd4 f6 40. exf6 gxf6 41. c5 h5 42. Rc4 Kd7 43. Kc3 Rxc5 44. Rxc5 Kd6 45. Ra5 Ke5 46. Rxa6 Kxf5 47. d6 Ke6 48. d7+ Kxd7 49. Rxf6 h4 50. Kd4 Ke7 51. Ke5 h3 52. Rh6 Kf7 1-0

[Event "ROM-ch U12"]
[Site "Calimanesti"]
[Date "2018.03.30"]
[Round "5"]
[White "Kiss, Tamas"]
[Black "Dobre, Daniel Alexandru"]
[Result "0-1"]
[WhiteElo "1036"]
[BlackElo "1283"]
[PlyCount "118"]
[EventDate "2018.03.27"]
[EventType "swiss"]
[EventRounds "9"]
[EventCountry "ROU"]
[SourceTitle "CBM 183 Extra"]
[Source "ChessBase"]
[SourceDate "2018.04.19"]
[SourceVersion "1"]
[SourceVersionDate "2018.04.19"]
[SourceQuality "1"]

1. e4 e5 2. Nf3 Nf6 3. Nc3 Nc6 4. Bb5 d6 5. Bxc6+ bxc6 6. h3 Be6 7. d3 Be7 8. 0-0 0-0 9. d4 Nd7 10. d5 cxd5 11. exd5 Bf5 12. Re1 g5 13. g4 Bg6 14. Ne4 h6 15. h4 Bxe4 16. Rxe4 Nc5 17. Rc4 Kg7 18. hxg5 hxg5 19. Be3 Nd7 20. Qd2 f6 21. Qc3 Nb6 22. Rxc7 Nxd5 23. Rxe7+ Qxe7 24. Qd3 Nxe3 25. Qxe3 Rh8 26. Nd4 Kf8 27. Nf5 Qh7 28. Ng3 Qh2+ 29. Kf1 Qh3+ 30. Ke2 Qxg4+ 31. Kd3 Qd4+ 32. Qxd4 exd4 33. Nf5 Rd8 34. Nxd4 Kf7 35. Re1 Rhe8 36. Rh1 Kg6 37. Nc6 Rd7 38. b4 Rc8 39. b5 a6 40. Nd4 axb5 41. Nxb5 Rc5 42. Rb1 f5 43. Kd4 Rxc2 44. a4 Rxf2 45. Rb4 g4 46. Nxd6 Rd2+ 47. Ke5 R7xd6 48. a5 R2d5+ 49. Kf4 Rd4+ 50. Rxd4 Rxd4+ 51. Kg3 Ra4 52. Kh4 Rxa5 53. Kg3 Kg5 54. Kg2 Ra3 55. Kg1 Ra2 56. Kf1 Kf4 57. Ke1 Ke3 58. Kf1 Rb2 59. Ke1 Rb1# 0-1

[Event "ROM-ch U12"]
[Site "Calimanesti"]
[Date "2018.03.29"]
[Round "4"]
[White "Dobre, Daniel Alexandru"]
[Black "Nicoara, Vlad Mihnea"]
[Result "1-0"]
[WhiteElo "1283"]
[BlackElo "1101"]
[PlyCount "89"]
[EventDate "2018.03.27"]
[EventType "swiss"]
[EventRounds "9"]
[EventCountry "ROU"]
[SourceTitle "CBM 183 Extra"]
[Source "ChessBase"]
[SourceDate "2018.04.19"]
[SourceVersion "1"]
[SourceVersionDate "2018.04.19"]
[SourceQuality "1"]

1. e4 e6 2. d4 d5 3. exd5 exd5 4. c4 Qe7+ 5. Be3 Nf6 6. Nc3 Be6 7. Qb3 c6 8. c5 Ne4 9. Bd3 Nxc3 10. Qxc3 Qc7 11. Nf3 h6 12. 0-0 Nd7 13. b4 a6 14. a4 Be7 15. b5 axb5 16. axb5 Rxa1 17. Rxa1 0-0 18. bxc6 bxc6 19. h3 Bf6 20. Ra6 Nb8 21. Ra4 Nd7 22. Qa3 Qc8 23. Ne1 Rd8 24. Nc2 Nb8 25. Bf4 Bg5 26. Bg3 Qd7 27. Ra7 Qe8 28. Bc7 Rc8 29. Rb7 Qd7 30. Qa7 Bf5 31. Bxb8 Qe6 32. Bxf5 Qxf5 33. Ne3 Bxe3 34. fxe3 Re8 35. Bf4 g5 36. Rb8 Qe4 37. Rxe8+ Qxe8 38. Qb8 Qxb8 39. Bxb8 Kg7 40. g3 h5 41. Kf2 Kg6 42. Kf3 g4+ 43. hxg4 hxg4+ 44. Kxg4 Kf6 45. Bc7 1-0

[Event "ROM-ch U12"]
[Site "Calimanesti"]
[Date "2018.03.28"]
[Round "2"]
[White "Dobre, Daniel Alexandru"]
[Black "Iordachescu, Radu Teodor"]
[Result "1-0"]
[WhiteElo "1283"]
[BlackElo "1036"]
[PlyCount "53"]
[EventDate "2018.03.27"]
[EventType "swiss"]
[EventRounds "9"]
[EventCountry "ROU"]
[SourceTitle "CBM 183 Extra"]
[Source "ChessBase"]
[SourceDate "2018.04.19"]
[SourceVersion "1"]
[SourceVersionDate "2018.04.19"]
[SourceQuality "1"]

1. e4 e5 2. Nf3 Nc6 3. Bb5 Bd6 4. 0-0 Nf6 5. Nc3 a6 6. Ba4 b5 7. Bb3 0-0 8. Re1 Bc5 9. d3 d6 10. Be3 Nd4 11. Nd2 Nxb3 12. axb3 Bxe3 13. Rxe3 Ng4 14. Rg3 Nh6 15. Qh5 Qf6 16. Nd5 Qd8 17. Qxh6 g6 18. h4 c6 19. Nc3 b4 20. Ne2 Qf6 21. Rf1 Be6 22. f4 exf4 23. Nxf4 Qd4+ 24. Kh1 Qxb2 25. Nh5 d5 26. Nf6+ Kh8 27. Qxh7# 1-0

[Event "ROM-ch U12"]
[Site "Calimanesti"]
[Date "2018.03.27"]
[Round "1"]
[White "Nedelcu, Teodor Cosmin"]
[Black "Dobre, Daniel Alexandru"]
[Result "1-0"]
[WhiteElo "1795"]
[BlackElo "1283"]
[PlyCount "83"]
[EventDate "2018.03.27"]
[EventType "swiss"]
[EventRounds "9"]
[EventCountry "ROU"]
[SourceTitle "CBM 183 Extra"]
[Source "ChessBase"]
[SourceDate "2018.04.19"]
[SourceVersion "1"]
[SourceVersionDate "2018.04.19"]
[SourceQuality "1"]

1. d4 f5 2. c4 e6 3. Nc3 Nf6 4. Bf4 c6 5. e3 d5 6. cxd5 cxd5 7. Rc1 a6 8. Qb3 Nc6 9. Nf3 Bb4 10. Ne5 Bd7 11. Bd3 Rc8 12. 0-0 Bxc3 13. bxc3 b5 14. Qa3 Qb6 15. Qd6 Qc7 16. Qxc7 Rxc7 17. Ng6 hxg6 18. Bxc7 0-0 19. Bd6 Ra8 20. Ra1 Ne8 21. Bc5 Nb8 22. Rfb1 Bc6 23. f3 Nd7 24. Ba3 Nb6 25. Bb4 Nf6 26. Kf2 Kf7 27. Bc2 Nfd7 28. Ke2 Ke8 29. g4 Kf7 30. Rg1 Rh8 31. Rg2 Rh3 32. Bd6 Nc4 33. Bg3 Ndb6 34. Rag1 Be8 35. Bf4 Kg8 36. gxf5 exf5 37. Bxf5 gxf5 38. Rxg7+ Kf8 39. Rg8+ Ke7 40. R1g7+ Ke6 41. Rxe8+ Kf6 42. Ree7 1-0

[Event "ROM-ch U12"]
[Site "Baile Felix"]
[Date "2017.02.08"]
[Round "8"]
[White "Marin, Andrei"]
[Black "Dobre, Daniel Alexandru"]
[Result "1-0"]
[WhiteElo "1328"]
[BlackElo "1165"]
[PlyCount "41"]
[EventDate "2017.02.02"]
[EventType "swiss"]
[EventRounds "9"]
[EventCountry "ROU"]
[SourceTitle "CBM 176 Extra"]
[Source "ChessBase"]
[SourceDate "2017.03.02"]
[SourceVersion "1"]
[SourceVersionDate "2017.03.02"]
[SourceQuality "1"]

1. e4 e5 2. Nf3 Nf6 3. Nc3 Nc6 4. d4 Bb4 5. Nxe5 Nxe5 6. dxe5 Nxe4 7. Qd4 Bxc3+ 8. bxc3 d5 9. exd6 Nxd6 10. Qxg7 Rf8 11. Qe5+ Be6 12. Bh6 Rg8 13. g3 Qd7 14. Bg2 0-0-0 15. 0-0 Rde8 16. Qa5 a6 17. Bf4 Bh3 18. Qd5 Be6 19. Qc5 Rd8 20. Qa7 Qb5 21. Rab1 1-0

[Event "ROM-ch U12"]
[Site "Baile Felix"]
[Date "2017.02.06"]
[Round "6"]
[White "Grigore, Fabian Cristian"]
[Black "Dobre, Daniel Alexandru"]
[Result "0-1"]
[WhiteElo "1005"]
[BlackElo "1165"]
[PlyCount "110"]
[EventDate "2017.02.02"]
[EventType "swiss"]
[EventRounds "9"]
[EventCountry "ROU"]
[SourceTitle "CBM 176 Extra"]
[Source "ChessBase"]
[SourceDate "2017.03.02"]
[SourceVersion "1"]
[SourceVersionDate "2017.03.02"]
[SourceQuality "1"]

1. e4 e5 2. Nf3 Nf6 3. Nc3 Nc6 4. Bc4 Bb4 5. a3 Bxc3 6. bxc3 Nxe4 7. d4 d5 8. Bb5 Nxc3 9. Qd3 Nxb5 10. Qxb5 a6 11. Qe2 Bg4 12. h3 Bxf3 13. Qxf3 Nxd4 14. Qd3 0-0 15. 0-0 Qh4 16. Rb1 b5 17. c3 Nc6 18. Qxd5 Qf6 19. Qd7 Rac8 20. Qg4 Qg6 21. Qxg6 hxg6 22. Be3 Na5 23. Bc5 Rfe8 24. Bb4 Nc4 25. Bc5 Nd2 26. Rfd1 Nxb1 27. Rxb1 Rcd8 28. Be3 Rd3 29. Rc1 Red8 30. Kh2 f5 31. Bg5 R8d6 32. Re1 e4 33. Be7 Rd7 34. Bb4 Kf7 35. Re2 Rd2 36. Rxd2 Rxd2 37. Bc5 a5 38. Kh1 Ke6 39. Be3 Ra2 40. Bd4 Rxa3 41. Bxg7 a4 42. g4 fxg4 43. hxg4 Ra2 44. Kg2 e3 45. c4 bxc4 46. Bc3 Rc2 47. Bb4 e2 48. Kf3 c3 49. Ke3 e1Q+ 50. Kd3 Qe2+ 51. Kd4 Rd2+ 52. Kc5 Rd5+ 53. Kc6 Qb5+ 54. Kxc7 Rd7+ 55. Kc8 Qb7# 0-1

[Event "ROM-ch U10"]
[Site "Calimanesti Caciulata"]
[Date "2016.04.24"]
[Round "8"]
[White "Dobre, Daniel Alexandru"]
[Black "Simion, Gabriel Serban"]
[Result "1-0"]
[WhiteElo "1001"]
[BlackElo "1096"]
[PlyCount "89"]
[EventDate "2016.04.18"]
[EventType "swiss"]
[EventRounds "9"]
[EventCountry "ROU"]
[SourceTitle "EXT 2017"]
[Source "ChessBase"]
[SourceDate "2016.10.25"]
[SourceVersion "1"]
[SourceVersionDate "2016.10.25"]
[SourceQuality "1"]

1. e4 e5 2. Nf3 Nc6 3. Bb5 Nf6 4. 0-0 Bc5 5. c3 0-0 6. d4 exd4 7. cxd4 Bb6 8. Re1 d6 9. h3 Ba5 10. Bd2 Bb6 11. Bc3 a6 12. Bd3 d5 13. e5 Nd7 14. Qd2 h6 15. e6 fxe6 16. Rxe6 Nc5 17. Rg6 Nxd3 18. Qxh6 Rf7 19. Ne5 Qe7 20. Nxf7 Qxf7 21. Na3 Qxf2+ 22. Kh1 Qf7 23. Rd1 Nf2+ 24. Kh2 Nxd1 25. Nc4 dxc4 26. d5 Ne7 27. Rxg7+ Kf8 28. Rxf7+ Kxf7 29. Qh5+ Ng6 30. Qxd1 c6 31. d6 Bd7 32. Qf3+ Ke6 33. Qf6+ Kd5 34. Qxg6 Bd4 35. Qg5+ Kxd6 36. Bxd4 Re8 37. Qc5+ Kc7 38. Qxc4 b5 39. Qc5 Rb8 40. Be5+ Kb7 41. Bxb8 Kxb8 42. Qb6+ Kc8 43. Qxa6+ Kd8 44. b4 Ke7 45. a4 1-0

[Event "ROM-ch U10"]
[Site "Calimanesti Caciulata"]
[Date "2016.04.23"]
[Round "7"]
[White "Cosac, Toma George"]
[Black "Dobre, Daniel Alexandru"]
[Result "0-1"]
[WhiteElo "1125"]
[BlackElo "1001"]
[PlyCount "56"]
[EventDate "2016.04.18"]
[EventType "swiss"]
[EventRounds "9"]
[EventCountry "ROU"]
[SourceTitle "CBM 172 Extra"]
[Source "ChessBase"]
[SourceDate "2016.06.21"]
[SourceVersion "1"]
[SourceVersionDate "2016.06.21"]
[SourceQuality "1"]

1. e4 c5 2. Nf3 Nc6 3. c4 g6 4. Nc3 Bg7 5. g3 e5 6. Bg2 Nge7 7. 0-0 0-0 8. d3 f5 9. exf5 Nxf5 10. Bg5 Qe8 11. Nd5 Qf7 12. Nc7 Rb8 13. Nxe5 Bxe5 14. Bd5 Bxc7 15. Bxf7+ Rxf7 16. Qd2 Nfd4 17. f4 d5 18. cxd5 Nb4 19. Bh6 Bh3 20. Rf2 Bb6 21. Rc1 c4 22. Qe1 Nf3+ 23. Kh1 Nxe1 24. Rxe1 Bxf2 25. Re2 Nxd3 26. d6 Bg4 27. Rxf2 Nxf2+ 28. Kg1 Ne4 0-1